中国成语大辞典 新一版 (Record no. 69845)

000 -LEADER
fixed length control field 00543nam a22001937a 4500
003 - CONTROL NUMBER IDENTIFIER
control field MPLRDC
005 - DATE AND TIME OF LATEST TRANSACTION
control field 20220105061152.0
008 - FIXED-LENGTH DATA ELEMENTS--GENERAL INFORMATION
fixed length control field 210129b ||||| |||| 00| 0 eng d
020 ## - INTERNATIONAL STANDARD BOOK NUMBER
International Standard Book Number 978-7-5326-2093-7
082 ## - DEWEY DECIMAL CLASSIFICATION NUMBER
Classification number 802.35 WT
100 ## - MAIN ENTRY--PERSONAL NAME
Personal name 王涛 等编著
245 ## - TITLE STATEMENT
Title 中国成语大辞典 新一版
Statement of responsibility, etc.
250 ## - EDITION STATEMENT
Edition statement 初版11刷
260 ## - PUBLICATION, DISTRIBUTION, ETC.
Place of publication, distribution, etc. 中国
Name of publisher, distributor, etc. 上海世纪出版股份有限公司,上海辞书出版社
Date of publication, distribution, etc. 2014
300 ## - PHYSICAL DESCRIPTION
Other physical details
520 ## - SUMMARY, ETC.
Summary, etc. 上架 2018-09-04。
650 ## - SUBJECT ADDED ENTRY--TOPICAL TERM
Topical term or geographic name entry element 成语、熟语字典
942 ## - ADDED ENTRY ELEMENTS (KOHA)
Koha item type Book
-- 802.35 WT

No items available.

© 2022. Malaysian Public Library, Research and Development Centre. All Right ReservedE-mailmplrdc@help.edu.my 

Powered by Koha